[Event "DEM U12/U12w 2015"]
[Site "Willingen GER"]
[Date "2015.05.28"]
[Round "8"]
[White "Berelowitsch, Dana"]
[Black "Glinzner, Alva"]
[Result "1-0"]
[Termination "normal"]
[Board "34"]
[WhiteElo "1408"]
[BlackElo "1257"]
[PlyCount "57"]
[WhiteFideId "12977144"]
[BlackFideId "16206169"]
[EventCountry "GER"]
[EventRounds "11"]
[EventType "swiss"]
[EventDate "2015.05.23"]

1. d4 c6 2. e4 d5 3. Nc3 dxe4 4. Nxe4 Bf5 5. Ng3 Bg6 6. h4 h6 7. Nf3 Nd7 8. h5
Bh7 9. Bd3 Bxd3 10. Qxd3 Ngf6 11. Bd2 e6 12. O-O-O Bd6 13. Kb1 Qb6 14. Bc1 O-O
15. Ne4 Nxe4 16. Qxe4 Nf6 17. Qe2 Nd5 18. Ka1 a5 19. g4 Ba3 20. g5 Rfe8 21.
gxh6 gxh6 22. Qd3 Bd6 23. Bxh6 Bf8 24. Rhg1+ Kh8 25. Qd2 Be7 26. Bg7+ Kg8 27.
Qh6 f6 28. Bxf6+ Kf7 29. Qg7# 1-0

[Event "DEM U12/U12w 2015"]
[Site "Willingen GER"]
[Date "2015.05.28"]
[Round "8"]
[White "Kublanov, Elizabeth"]
[Black "Knape, Albert"]
[Result "1-0"]
[Termination "normal"]
[Board "35"]
[WhiteElo "1563"]
[BlackElo "1222"]
[PlyCount "38"]
[WhiteFideId "12944564"]
[BlackFideId "16208919"]
[EventCountry "GER"]
[EventRounds "11"]
[EventType "swiss"]
[EventDate "2015.05.23"]

1. e4 e5 2. Nf3 d6 3. Bc4 h6 4. c3 Bg4 5. Qb3 Be6 6. Bxe6 fxe6 7. Qxe6+ Ne7 8.
d4 exd4 9. cxd4 Nd7 10. O-O h5 11. Ng5 Ne5 12. dxe5 Rh6 13. Qf7+ Kd7 14. Nc3 a5
15. Be3 Qe8 16. e6+ Kc6 17. Rfc1 Qxf7 18. Nd5+ Kb5 19. Nxc7+ Ka4 1-0

[Event "DEM U12/U12w 2015"]
[Site "Willingen GER"]
[Date "2015.05.28"]
[Round "8"]
[White "Fischer, Laura"]
[Black "Ziegenfuß, Larissa"]
[Result "1/2-1/2"]
[Termination "normal"]
[Board "36"]
[WhiteElo "1207"]
[BlackElo "1574"]
[PlyCount "41"]
[WhiteFideId "16208935"]
[BlackFideId "12974722"]
[EventCountry "GER"]
[EventRounds "11"]
[EventType "swiss"]
[EventDate "2015.05.23"]

1. e4 c5 2. Nf3 e6 3. d4 cxd4 4. Nxd4 Nc6 5. Nxc6 bxc6 6. Bd3 Qc7 7. O-O Nf6 8.
Nd2 Be7 9. Re1 d6 10. h3 O-O 11. b3 Nd7 12. Bb2 Bf6 13. Bxf6 Nxf6 14. Qe2 e5
15. Nc4 Nd7 16. Rad1 Nb6 17. a4 Rd8 18. Qh5 Be6 19. Ne3 Nd7 20. Qg5 Nf6 21. Nf5
1/2-1/2

[Event "DEM U12/U12w 2015"]
[Site "Willingen GER"]
[Date "2015.05.28"]
[Round "8"]
[White "Basovskiy, Jana"]
[Black "Goltser, Ilja"]
[Result "0-1"]
[Termination "normal"]
[Board "38"]
[WhiteElo "1367"]
[BlackElo "1164"]
[PlyCount "132"]
[WhiteFideId "16208617"]
[BlackFideId "14174782"]
[EventCountry "GER"]
[EventRounds "11"]
[EventType "swiss"]
[EventDate "2015.05.23"]

1. e4 e6 2. d3 d5 3. Nf3 Nc6 4. g3 Nf6 5. Nbd2 dxe4 6. dxe4 e5 7. Bg2 Bb4 8. c3
Bc5 9. O-O O-O 10. Qe2 Be6 11. Rd1 Qe7 12. Nf1 Rad8 13. Be3 Bxe3 14. Qxe3 Ng4
15. Qe2 Rxd1 16. Rxd1 Rd8 17. a3 Rxd1 18. Qxd1 Qc5 19. Qd2 h6 20. h3 Nf6 21.
Nh4 Qc4 22. Qe1 Qb5 23. Qb1 Na5 24. Ne3 Nd7 25. Bf1 Qb3 26. Qc2 Qxc2 27. Nxc2
Nb3 28. Ne3 Nd2 29. Bg2 Nc5 30. f3 Na4 31. b4 Nxc3 32. Kf2 Ndb1 33. Nc2 Bb3 34.
Na1 Ba4 35. Nf5 Nxa3 36. Ke3 Na2 37. Ne7+ Kf8 38. Nc8 a6 39. Kd3 Nxb4+ 40. Kc3
a5 41. Na7 Ke7 42. Nb3 b6 43. Kb2 Nc4+ 44. Kc3 Nd6 45. Bf1 Kd7 46. Kb2 c6 47.
Ka3 Bxb3 48. Kxb3 Kc7 49. Ka4 Kb7 50. Nxc6 Kxc6 51. Kb3 Kc5 52. Kc3 f5 53. exf5
Nxf5 54. g4 Ne3 55. Be2 a4 56. Kb2 b5 57. Ka3 Nc4+ 58. Bxc4 Kxc4 59. Kb2 Nd3+
60. Ka3 Kc3 61. Ka2 b4 62. Ka1 b3 63. Kb1 a3 64. f4 b2 65. g5 Kb3 66. h4 a2#
0-1

[Event "DEM U12/U12w 2015"]
[Site "Willingen GER"]
[Date "2015.05.28"]
[Round "8"]
[White "Sinnhöfer, Lilian"]
[Black "Gutmann, Anna"]
[Result "0-1"]
[Termination "normal"]
[Board "40"]
[WhiteElo "1106"]
[BlackElo "1303"]
[PlyCount "124"]
[WhiteFideId "12977586"]
[BlackFideId "16208889"]
[EventCountry "GER"]
[EventRounds "11"]
[EventType "swiss"]
[EventDate "2015.05.23"]

1. e4 c5 2. Nf3 d6 3. d4 cxd4 4. Nxd4 Nf6 5. Nc3 g6 6. Be3 Bg7 7. f3 O-O 8. Qd2
Nc6 9. g4 Nxd4 10. Bxd4 Be6 11. h4 Qa5 12. Be3 Rfc8 13. h5 Nxg4 14. fxg4 Rxc3
15. Bd3 Ra3 16. Qxa5 Rxa5 17. hxg6 fxg6 18. c3 Bxg4 19. a3 Rh5 20. Bc4+ Kh8 21.
Rf1 Rf8 22. Rxf8+ Bxf8 23. Rb1 Rh1+ 24. Bf1 Bh3 25. Kf2 Bxf1 26. Rxf1 Rxf1+ 27.
Kxf1 h5 28. Bxa7 Bh6 29. b3 g5 30. Kg2 Kg8 31. Bd4 Kf7 32. e5 Ke6 33. exd6 exd6
34. Kf3 Kf5 35. b4 b5 36. Bb6 g4+ 37. Kg3 Bf4+ 38. Kh4 Ke4 39. Kxh5 Be3 40. Bc7
g3 41. Bxd6 g2 42. Bh2 g1=Q 43. Bxg1 Bxg1 44. Kg4 Kd3 45. Kf3 Kxc3 46. Ke2 Kb3
47. Kd3 Kxa3 48. Kc3 Ka4 49. Kc2 Kxb4 50. Kb2 Bd4+ 51. Kb1 Ka3 52. Kc2 Ka2 53.
Kd3 b4 54. Kxd4 b3 55. Kd3 b2 56. Kd2 b1=Q 57. Kc3 Qe4 58. Kd2 Qf3 59. Kc1 Qg2
60. Kd1 Kb3 61. Ke1 Kc3 62. Kd1 Qd2# 0-1

[Event "DEM U12/U12w 2015"]
[Site "Willingen GER"]
[Date "2015.05.28"]
[Round "8"]
[White "Truong, Lisa"]
[Black "Delgado, Celina"]
[Result "1/2-1/2"]
[Termination "normal"]
[Board "41"]
[WhiteElo "1264"]
[BlackElo "1153"]
[PlyCount "57"]
[WhiteFideId "12983462"]
[BlackFideId "12993735"]
[EventCountry "GER"]
[EventRounds "11"]
[EventType "swiss"]
[EventDate "2015.05.23"]

1. d4 d5 2. Nf3 c6 3. c4 e6 4. g3 Nf6 5. Bg2 Nbd7 6. Qc2 Bd6 7. O-O O-O 8. Nbd2
Re8 9. e4 dxe4 10. Nxe4 Nxe4 11. Qxe4 Nf6 12. Qc2 c5 13. Rd1 Qc7 14. dxc5 Bxc5
15. Bf4 Qb6 16. a3 a5 17. Rd2 Rd8 18. Rad1 Rxd2 19. Qxd2 Bd7 20. Be5 Ba4 21.
Re1 Ng4 22. Bd4 Bxd4 23. Qxd4 Qxd4 24. Nxd4 Rd8 25. Nf3 Bc6 26. h3 Nf6 27. Re2
Rd1+ 28. Kh2 Kf8 29. Rc2 1/2-1/2

[Event "DEM U12/U12w 2015"]
[Site "Willingen GER"]
[Date "2015.05.28"]
[Round "8"]
[White "Zha, Kevin"]
[Black "Bardorz, Jana"]
[Result "0-1"]
[Termination "normal"]
[Board "42"]
[WhiteElo "1154"]
[BlackElo "1263"]
[PlyCount "94"]
[WhiteFideId "16208951"]
[BlackFideId "16208897"]
[EventCountry "GER"]
[EventRounds "11"]
[EventType "swiss"]
[EventDate "2015.05.23"]

1. e4 e5 2. Nf3 Nc6 3. d4 exd4 4. Nxd4 Bc5 5. Be3 Qf6 6. c3 Nge7 7. Bc4 Ne5 8.
Be2 Qg6 9. O-O d5 10. f4 Qxe4 11. Qd2 Nc4 12. Bxc4 dxc4 13. Re1 O-O 14. Nb5 Qc6
15. Bxc5 Qxc5+ 16. Kh1 Re8 17. N1a3 Be6 18. Re2 Rad8 19. Re5 Qxe5 20. Qxd8 Qxb5
21. Nxb5 Rxd8 22. Nxc7 Rd7 23. Nxe6 fxe6 24. g4 g6 25. Rf1 Rd2 26. b3 cxb3 27.
axb3 Rd3 28. Re1 Kf7 29. h4 Rxc3 30. Kg2 Rxb3 31. Rf1 a5 32. Ra1 b6 33. h5 Nd5
34. hxg6+ hxg6 35. Rf1 Ne3+ 36. Kf2 Nxf1 37. Kxf1 Rb2 38. f5 exf5 39. gxf5 gxf5
40. Ke1 Ke6 41. Kd1 Kd5 42. Kc1 Rh2 43. Kb1 Kc4 44. Kc1 Kd3 45. Kb1 Kc3 46. Ka1
Kb3 47. Kb1 Rh1# 0-1

[Event "DEM U12/U12w 2015"]
[Site "Willingen GER"]
[Date "2015.05.28"]
[Round "8"]
[White "Nguyen, Vanessa"]
[Black "Zell, Hannah"]
[Result "0-1"]
[Termination "normal"]
[Board "43"]
[WhiteElo "923"]
[BlackElo "1224"]
[PlyCount "116"]
[WhiteFideId "12993492"]
[BlackFideId "16208900"]
[EventCountry "GER"]
[EventRounds "11"]
[EventType "swiss"]
[EventDate "2015.05.23"]

1. e4 e5 2. Nf3 Nc6 3. Nc3 Nf6 4. d4 exd4 5. Nxd4 Nxd4 6. Qxd4 d6 7. Bc4 Be7 8.
Bd2 O-O 9. O-O-O a6 10. Be2 c5 11. Qe3 b5 12. Nd5 Nxd5 13. exd5 c4 14. c3 Re8
15. Qg3 Bh4 16. Qf3 Bg5 17. Qg3 Bxd2+ 18. Rxd2 Qf6 19. Bg4 Qg5 20. Bxc8 Qxg3
21. fxg3 Raxc8 22. h4 Re3 23. a3 Rxg3 24. h5 h6 25. Re2 Kf8 26. Kb1 Re8 27.
Rxe8+ Kxe8 28. Rh2 Ke7 29. Ka2 Kf6 30. a4 Ke5 31. axb5 Kxd5 32. bxa6 Kc6 33.
Ka3 Rg4 34. Rh1 Kb6 35. Rd1 Kxa6 36. Rxd6+ Kb5 37. Rd5+ Kc6 38. Ra5 Rxg2 39.
Kb4 Rxb2+ 40. Kxc4 Rb6 41. Ra7 Rb7 42. Rxb7 Kxb7 43. Kd5 g6 44. hxg6 fxg6 45.
Ke5 h5 46. Kf4 Kc6 47. Kg5 Kc5 48. Kxg6 h4 49. Kf5 h3 50. Ke4 h2 51. Kd3 h1=Q
52. c4 Qh4 53. Kc2 Qxc4+ 54. Kb2 Qd3 55. Ka1 Qd2 56. Kb1 Kb4 57. Ka1 Kb3 58.
Kb1 Qb2# 0-1

[Event "DEM U12/U12w 2015"]
[Site "Willingen GER"]
[Date "2015.05.28"]
[Round "8"]
[White "Ruppert, Paula"]
[Black "Peters, Malte"]
[Result "1-0"]
[Termination "normal"]
[Board "44"]
[WhiteElo "1443"]
[BlackElo "1007"]
[PlyCount "53"]
[WhiteFideId "12979996"]
[BlackFideId "16208978"]
[EventCountry "GER"]
[EventRounds "11"]
[EventType "swiss"]
[EventDate "2015.05.23"]

1. e4 c5 2. Nc3 Nc6 3. f4 e6 4. Nf3 d6 5. Bc4 Qc7 6. d3 g6 7. O-O Bg7 8. Qe1 a6
9. a3 b5 10. Bb3 Nge7 11. Qh4 h6 12. Bd2 O-O 13. f5 Kh7 14. f6 Bxf6 15. Qxh6+
Kg8 16. Ng5 Bxg5 17. Bxg5 f5 18. Ne2 Ne5 19. Nf4 Rf7 20. Nxe6 Bxe6 21. Bxe6 Ng4
22. Bxf7+ Kxf7 23. Qh7+ Ke6 24. exf5+ gxf5 25. Bxe7 d5 26. Qxf5+ Kxe7 27. Qxg4
1-0

[Event "DEM U12/U12w 2015"]
[Site "Willingen GER"]
[Date "2015.05.28"]
[Round "8"]
[White "Rothenberg, Nina"]
[Black "Biermann, Sophie"]
[Result "1/2-1/2"]
[Termination "normal"]
[Board "45"]
[WhiteElo "1174"]
[BlackElo "1136"]
[PlyCount "53"]
[WhiteFideId "16208943"]
[BlackFideId "16208960"]
[EventCountry "GER"]
[EventRounds "11"]
[EventType "swiss"]
[EventDate "2015.05.23"]

1. e4 e5 2. Nf3 Nc6 3. Bc4 Nf6 4. d3 Bc5 5. Nc3 d6 6. h3 h6 7. O-O O-O 8. Be3
b6 9. a3 a5 10. Nd5 Nxd5 11. Bxd5 Bb7 12. c3 Bxe3 13. fxe3 Rb8 14. d4 Ne7 15.
Bxb7 Rxb7 16. dxe5 dxe5 17. Nxe5 f6 18. Qxd8 Rxd8 19. Nc4 Ra7 20. b4 Rd3 21.
Rfc1 axb4 22. cxb4 b5 23. Nb2 Rxe3 24. Re1 Rexa3 25. Rxa3 Rxa3 26. Rd1 Nc6 27.
Rc1 1/2-1/2

[Event "DEM U12/U12w 2015"]
[Site "Willingen GER"]
[Date "2015.05.28"]
[Round "8"]
[White "Fuchs, Emily"]
[Black "Ortlepp, Klaudia"]
[Result "0-1"]
[Termination "normal"]
[Board "46"]
[WhiteElo "946"]
[BlackElo "1243"]
[PlyCount "144"]
[WhiteFideId "16208986"]
[BlackFideId "16206045"]
[EventCountry "GER"]
[EventRounds "11"]
[EventType "swiss"]
[EventDate "2015.05.23"]

1. e4 e5 2. Nf3 Nc6 3. Bc4 Nf6 4. d4 exd4 5. e5 d5 6. Bb5 Ne4 7. Nxd4 Bd7 8.
Bxc6 bxc6 9. O-O Bc5 10. Be3 Bb6 11. f3 Ng5 12. f4 Ne4 13. Nd2 Nxd2 14. Qxd2
O-O 15. Rfe1 Bxd4 16. Bxd4 Bf5 17. Rac1 Qd7 18. c4 Rfd8 19. Qa5 Be4 20. h3 h5
21. Qc3 Qe6 22. Re3 g6 23. b4 Qe7 24. b5 c5 25. cxd5 cxd4 26. Qxd4 Bxd5 27. Qb2
Rab8 28. Rd1 Qc5 29. Rde1 Rxb5 30. Qf2 Qd4 31. Qh4 Bxa2 32. g4 Rb1 33. Kh2
Qxf4+ 34. Qg3 Rd2+ 35. R1e2 Qxg3+ 36. Kxg3 Rxe2 37. Rxe2 Rb3+ 38. Kf4 Rb4+ 39.
Kg3 Bd5 40. Rc2 c6 41. Kh4 a5 42. Kg5 Rb6 43. gxh5 gxh5 44. Kxh5 a4 45. Rc3 Ra6
46. Ra3 c5 47. Ra1 a3 48. Kg5 a2 49. h4 c4 50. Kf4 c3 51. Ke3 Rh6 52. Kd3 Rxh4
53. Kxc3 Re4 54. Rg1+ Kf8 55. Rd1 Be6 56. Rd8+ Kg7 57. Rd1 Rxe5 58. Rg1+ Kf6
59. Rf1+ Ke7 60. Kb2 f5 61. Rc1 Rb5+ 62. Ka1 Kd6 63. Rd1+ Rd5 64. Rh1 f4 65.
Rh6 f3 66. Rf6 Rf5 67. Rxf5 Bxf5 68. Kxa2 f2 69. Kb2 f1=Q 70. Ka2 Qb1+ 71. Ka3
Kc5 72. Ka4 Qb4# 0-1

[Event "DEM U12/U12w 2015"]
[Site "Willingen GER"]
[Date "2015.05.29"]
[Round "9"]
[White "Suvorov, Alexander"]
[Black "Li, Simon"]
[Result "1-0"]
[Termination "normal"]
[Board "1"]
[WhiteElo "1938"]
[BlackElo "1907"]
[WhiteClock "00:02:19"]
[BlackClock "00:05:56"]
[PlyCount "125"]
[WhiteFideId "12977063"]
[BlackFideId "12972134"]
[EventCountry "GER"]
[EventRounds "11"]
[EventType "swiss"]
[EventDate "2015.05.23"]

1. d4 Nf6 2. c4 c5 3. d5 b5 4. Qc2 Na6 5. a3 bxc4 6. e4 Nc7 7. Bxc4 e6 8. Nc3
exd5 9. exd5 d6 10. Nge2 Bd7 11. O-O Be7 12. Ng3 O-O 13. Bf4 Rb8 14. Rfe1 Re8
15. Re2 Bb5 16. b3 Bxc4 17. bxc4 Qd7 18. Rae1 Bf8 19. f3 Na8 20. Nge4 Be7 21.
Nxc5 Qc8 22. Nd3 Qxc4 23. Ne4 Qxc2 24. Nxf6+ gxf6 25. Rxc2 Bf8 26. Rxe8 Rxe8
27. Nb4 Nb6 28. Rc6 Rc8 29. Rxc8 Nxc8 30. a4 a5 31. Na2 Nb6 32. Nc3 f5 33. Be3
Nc4 34. Bd4 Bg7 35. Bxg7 Kxg7 36. f4 Kf6 37. Kf2 Nb6 38. Ke3 Ke7 39. Kd4 Kd7
40. Kd3 Ke7 41. Kd4 Kd7 42. g3 Ke7 43. Nb5 Nxa4 44. Na7 Nc5 45. Nc6+ Kd7 46.
Nxa5 Na6 47. Nc4 Nb4 48. Ne3 Na6 49. Nxf5 Nc5 50. Ne3 Ke7 51. Nf5+ Kd7 52. Ne3
Ke7 53. g4 Kf6 54. Nc4 Ke7 55. h4 Nb7 56. g5 f6 57. Ne3 Kf7 58. f5 Nd8 59. Ng4
fxg5 60. hxg5 Kg7 61. Ke4 Nf7 62. Kf4 Nh8 63. Nf6 1-0

[Event "DEM U12/U12w 2015"]
[Site "Willingen GER"]
[Date "2015.05.29"]
[Round "9"]
[White "Trifan, Andrei Ioan"]
[Black "Weishäutel, Moritz"]
[Result "1-0"]
[Termination "normal"]
[Board "2"]
[WhiteElo "1864"]
[BlackElo "1963"]
[WhiteClock "00:03:00"]
[BlackClock "00:07:40"]
[PlyCount "81"]
[WhiteFideId "12967068"]
[BlackFideId "12967300"]
[EventCountry "GER"]
[EventRounds "11"]
[EventType "swiss"]
[EventDate "2015.05.23"]

1. e4 e5 2. Nf3 Nc6 3. Bb5 a6 4. Ba4 Nf6 5. d4 Nxe4 6. O-O b5 7. Bb3 d5 8. Re1
Be6 9. dxe5 Bc5 10. Be3 Bxe3 11. Rxe3 Na5 12. Nbd2 Nxd2 13. Qxd2 c5 14. c3 Nxb3
15. axb3 O-O 16. Ne1 c4 17. b4 a5 18. Nc2 axb4 19. Rxa8 bxc3 20. bxc3 Qxa8 21.
h3 Qa2 22. Rg3 g6 23. Qc1 Ra8 24. Kh2 Rb8 25. f4 Qa7 26. Nd4 b4 27. Nc6 Qa3 28.
Qf1 b3 29. f5 Bxf5 30. Qxf5 Rb6 31. e6 Qf8 32. exf7+ Qxf7 33. Qc8+ Qf8 34. Qe6+
Kh8 35. Rf3 Qb8+ 36. g3 Rxc6 37. Qxc6 b2 38. Qf6+ Kg8 39. Qf7+ Kh8 40. Qe7 Qg8
41. Rf8 1-0

[Event "DEM U12/U12w 2015"]
[Site "Willingen GER"]
[Date "2015.05.29"]
[Round "9"]
[White "Yankelevich, Michael"]
[Black "Stork, Oliver"]
[Result "1/2-1/2"]
[Termination "normal"]
[Board "3"]
[WhiteElo "1810"]
[BlackElo "1844"]
[WhiteClock "00:55:06"]
[BlackClock "00:02:42"]
[PlyCount "120"]
[WhiteFideId "12921440"]
[BlackFideId "12955728"]
[EventCountry "GER"]
[EventRounds "11"]
[EventType "swiss"]
[EventDate "2015.05.23"]

1. e4 c6 2. d4 d5 3. Nc3 dxe4 4. Nxe4 Bf5 5. Ng3 Bg6 6. Nh3 Nf6 7. Bc4 e6 8.
O-O Bd6 9. f4 Qc7 10. c3 Nbd7 11. Kh1 O-O-O 12. Be3 Ne4 13. Qf3 Ndf6 14. Nxe4
Bxe4 15. Qe2 h6 16. Bd3 Rdg8 17. Bxe4 Nxe4 18. Bg1 Nf6 19. f5 exf5 20. Rxf5 Re8
21. Qf3 Re7 22. c4 Qd8 23. Rb1 Rhe8 24. b4 Re1 25. Rxe1 Rxe1 26. Qc3 Qe7 27. b5
Ng4 28. bxc6 Bxh2 29. cxb7+ Kb8 30. Qf3 Qh4 31. Rxf7 Rxg1+ 32. Nxg1 Nf2+ 33.
Qxf2 Bg3+ 34. Nh3 Bxf2 35. Rxf2 g5 36. Rf8+ Kxb7 37. Rf7+ Kc8 38. Kg1 Qxd4+ 39.
Kh2 a5 40. Rh7 g4 41. Rxh6 gxh3 42. Rxh3 Qxc4 43. a3 Kd7 44. Rf3 Qh4+ 45. Kg1
Kc6 46. Kf1 Qg4 47. Kf2 Kb5 48. Kf1 a4 49. Kf2 Qc4 50. Rf5+ Kc6 51. Rf3 Kd5 52.
Kg1 Qe2 53. Kh1 Ke4 54. Kh2 Qe1 55. Kh3 Qh1+ 56. Kg3 Qh6 57. Kf2 Qb6+ 58. Kf1
Qb3 59. Kf2 Qb6+ 60. Kf1 Qb3 1/2-1/2

[Event "DEM U12/U12w 2015"]
[Site "Willingen GER"]
[Date "2015.05.29"]
[Round "9"]
[White "Dobrikov, Marco"]
[Black "Breitzmann, Sander"]
[Result "1-0"]
[Termination "normal"]
[Board "5"]
[WhiteElo "1947"]
[BlackElo "1415"]
[WhiteClock "00:46:39"]
[BlackClock "00:29:55"]
[PlyCount "83"]
[WhiteFideId "12950378"]
[BlackFideId "12987085"]
[EventCountry "GER"]
[EventRounds "11"]
[EventType "swiss"]
[EventDate "2015.05.23"]

1. e4 e5 2. Nf3 Nc6 3. Bc4 Bc5 4. c3 Nf6 5. d3 d6 6. Nbd2 a6 7. Bb3 Ba7 8. Nf1
Ne7 9. Ng3 Ng6 10. O-O O-O 11. h3 Be6 12. Re1 h6 13. Bc2 Qd7 14. d4 c6 15. Be3
b5 16. a4 Qc7 17. Qd2 c5 18. d5 Bd7 19. Bxh6 gxh6 20. Qxh6 Rfd8 21. Ng5 Bc8 22.
Nf5 Ne8 23. Qh7+ Kf8 24. Qh6+ Kg8 25. Re3 Bxf5 26. exf5 Nf4 27. f6 Nxf6 28.
Qxf6 Qb7 29. Bh7+ Kf8 30. Ne6+ Ke8 31. Nxf4 c4 32. Re2 Rd7 33. Ng6 fxg6 34.
Bxg6+ Rf7 35. Qxd6 Qe7 36. Rxe5 Bxf2+ 37. Kh1 Ra7 38. Rf1 Bc5 39. Rxe7+ Raxe7
40. Bxf7+ Rxf7 41. Qc6+ Rd7 42. Qxc5 1-0

[Event "DEM U12/U12w 2015"]
[Site "Willingen GER"]
[Date "2015.05.29"]
[Round "9"]
[White "Post, Hugo"]
[Black "Sulayev, Daniel"]
[Result "1-0"]
[Termination "normal"]
[Board "6"]
[WhiteElo "1774"]
[BlackElo "1709"]
[WhiteClock "00:39:48"]
[BlackClock "00:15:13"]
[PlyCount "65"]
[WhiteFideId "12962490"]
[BlackFideId "12977675"]
[EventCountry "GER"]
[EventRounds "11"]
[EventType "swiss"]
[EventDate "2015.05.23"]

1. e4 e5 2. Nf3 Nc6 3. Bc4 Nf6 4. d3 Be7 5. c3 O-O 6. O-O Na5 7. Bb5 c6 8. Ba4
Qc7 9. Re1 d6 10. Nbd2 b5 11. Bc2 Re8 12. h3 Nd7 13. d4 Nb6 14. Nf1 Bf8 15.
N3h2 c5 16. d5 c4 17. f4 Nb7 18. Ng4 a5 19. Qf3 b4 20. f5 f6 21. Qg3 Kh8 22. h4
Nc5 23. Nf2 Bd7 24. Qf3 Reb8 25. g4 b3 26. axb3 Nxb3 27. Bxb3 cxb3 28. g5 Be7
29. Qh5 Be8 30. g6 h6 31. Bxh6 Bf7 32. Bxg7+ Kxg7 33. Qh7+ 1-0

[Event "DEM U12/U12w 2015"]
[Site "Willingen GER"]
[Date "2015.05.29"]
[Round "9"]
[White "Biermann, Florian"]
[Black "Kopylov, Daniel"]
[Result "1-0"]
[Termination "normal"]
[Board "7"]
[WhiteElo "1709"]
[BlackElo "1812"]
[WhiteClock "00:02:13"]
[BlackClock "00:02:50"]
[PlyCount "97"]
[WhiteFideId "12970069"]
[BlackFideId "12921971"]
[EventCountry "GER"]
[EventRounds "11"]
[EventType "swiss"]
[EventDate "2015.05.23"]

1. c4 e6 2. g3 d5 3. Bg2 c6 4. Nf3 Nf6 5. d4 dxc4 6. O-O b5 7. a4 Bb7 8. Ne5
Qc8 9. b3 b4 10. Nxc4 c5 11. dxc5 Bxg2 12. Kxg2 Qc6+ 13. f3 Bxc5 14. e4 O-O 15.
Bb2 Be7 16. Ne5 Qb7 17. Nd2 Nbd7 18. Ndc4 Nxe5 19. Bxe5 Rfd8 20. Qe2 Nd7 21.
Rad1 Nxe5 22. Nxe5 Bf6 23. Nc4 Bd4 24. Rd3 Qe7 25. Rfd1 e5 26. Qd2 Re8 27. Ne3
Bxe3 28. Qxe3 a5 29. Rd7 Qf8 30. Qb6 h6 31. R1d5 Reb8 32. Qc7 Qc8 33. Rxf7 Qxc7
34. Rxc7 Rc8 35. Rxc8+ Rxc8 36. Rxa5 Rc2+ 37. Kh3 Rc3 38. Kg4 Rxb3 39. Rxe5 Rb1
40. Rb5 b3 41. a5 b2 42. a6 Ra1 43. Rxb2 Rxa6 44. Rb7 Ra5 45. f4 h5+ 46. Kh4 g6
47. e5 Ra6 48. Kg5 Re6 49. Rd7 1-0

[Event "DEM U12/U12w 2015"]
[Site "Willingen GER"]
[Date "2015.05.29"]
[Round "9"]
[White "Zimmer, Raphael"]
[Black "Gheng, Dominik"]
[Result "1-0"]
[Termination "normal"]
[Board "8"]
[WhiteElo "1977"]
[BlackElo "1771"]
[WhiteClock "00:47:34"]
[BlackClock "00:06:06"]
[PlyCount "123"]
[WhiteFideId "12978841"]
[BlackFideId "12906778"]
[EventCountry "GER"]
[EventRounds "11"]
[EventType "swiss"]
[EventDate "2015.05.23"]

1. e4 e5 2. Nf3 Nc6 3. Bc4 Nf6 4. d4 exd4 5. e5 d5 6. Bb5 Ne4 7. Nxd4 Bc5 8.
Be3 Bd7 9. Bxc6 bxc6 10. O-O O-O 11. f3 Ng5 12. f4 Ne4 13. Nd2 Nxd2 14. Qxd2
Bb6 15. Nb3 Qe7 16. Qc3 f6 17. Bc5 fxe5 18. fxe5 Rae8 19. a4 Bxc5+ 20. Nxc5 Bf5
21. Rae1 Qg5 22. a5 Qg6 23. Rf2 Re7 24. b4 Rfe8 25. Re3 Qg4 26. h3 Qd1+ 27. Re1
Qh5 28. g4 Bxg4 29. hxg4 Qxg4+ 30. Rg2 Qf4 31. Nd3 Qc4 32. Qd2 Qd4+ 33. Qf2
Qxf2+ 34. Rxf2 Re6 35. Ref1 Rg6+ 36. Rg2 Rxg2+ 37. Kxg2 h6 38. Rf4 Re6 39. Kf3
g5 40. Rf6 Rxf6+ 41. exf6 Kf7 42. Ne5+ Kxf6 43. Nxc6 Ke6 44. Nxa7 Kd7 45. Nb5
Kc6 46. Nd4+ Kb7 47. c3 Ka6 48. Ne6 c6 49. Kg4 Ka7 50. Nxg5 hxg5 51. Kxg5 Ka6
52. Kf5 Kb5 53. Ke5 Ka6 54. Ke6 Ka7 55. Kd6 Kb7 56. Kd7 Ka6 57. Kxc6 Ka7 58. b5
Ka8 59. b6 Kb8 60. a6 d4 61. a7+ Ka8 62. Kc7 1-0

[Event "DEM U12/U12w 2015"]
[Site "Willingen GER"]
[Date "2015.05.29"]
[Round "9"]
[White "Huber, Benedikt"]
[Black "Suvorov, Luca"]
[Result "0-1"]
[Termination "normal"]
[Board "9"]
[WhiteElo "1729"]
[BlackElo "1832"]
[PlyCount "70"]
[WhiteFideId "12923583"]
[BlackFideId "12977071"]
[EventCountry "GER"]
[EventRounds "11"]
[EventType "swiss"]
[EventDate "2015.05.23"]

1. d4 d5 2. Bf4 Nf6 3. e3 c5 4. Nc3 Nc6 5. Nb5 e5 6. dxe5 a6 7. Nc3 d4 8. exf6
dxc3 9. Qxd8+ Nxd8 10. Be5 cxb2 11. Bxb2 g6 12. Nf3 Be6 13. Ng5 b5 14. Nxe6
Nxe6 15. a4 Rb8 16. axb5 axb5 17. Ra5 c4 18. Be5 Bb4+ 19. Ke2 Bxa5 20. Bxb8 Bc3
21. Bd6 Bxf6 22. g3 Be7 23. Bxe7 Kxe7 24. Bg2 Nc5 25. Rb1 Na4 26. Ke1 Nc3 27.
Rb2 Rd8 28. Bf3 Rd6 29. h3 Kd7 30. h4 Kc7 31. e4 Kb6 32. e5 Rd4 33. Kf1 Ka5 34.
Ke1 Ka4 35. Bc6 Rd1# 0-1

[Event "DEM U12/U12w 2015"]
[Site "Willingen GER"]
[Date "2015.05.29"]
[Round "9"]
[White "Longo, Massimo"]
[Black "Nguyen, Alex Dac-Vuong"]
[Result "1/2-1/2"]
[Termination "normal"]
[Board "10"]
[WhiteElo "1628"]
[BlackElo "1885"]
[PlyCount "101"]
[WhiteFideId "16205227"]
[BlackFideId "12984388"]
[EventCountry "GER"]
[EventRounds "11"]
[EventType "swiss"]
[EventDate "2015.05.23"]

1. d4 Nf6 2. Nf3 g6 3. c4 Bg7 4. b4 O-O 5. Bb2 d6 6. e3 c5 7. bxc5 dxc5 8. Be2
e6 9. O-O Nc6 10. Ba3 Nd7 11. Nc3 Qa5 12. Qb3 Rd8 13. Rfd1 cxd4 14. exd4 a6 15.
Bb2 Qb4 16. Ne4 Nf6 17. Nc5 b6 18. Bc3 Qxb3 19. Nxb3 Ne4 20. Bb2 Bb7 21. Ne1
Rac8 22. f3 Nf6 23. a4 a5 24. Nc2 Rc7 25. Na3 Rcd7 26. Nb5 Ne8 27. Kf2 Nd6 28.
Nxd6 Rxd6 29. Ke3 Nb4 30. Rac1 Bh6+ 31. f4 Bxg2 32. h4 f5 33. Ba3 Bc6 34. Bxb4
axb4 35. Ra1 Be4 36. Bd3 Bxd3 37. Rxd3 Bg7 38. Rad1 Kf7 39. c5 bxc5 40. Nxc5
Ra8 41. Rb1 Rd5 42. Rxb4 Bxd4+ 43. Rdxd4 Rxc5 44. Rb7+ Ke8 45. Rxh7 Rc3+ 46.
Kd2 Rac8 47. Rdd7 Rc2+ 48. Kd3 R2c3+ 49. Kd4 R8c5 50. Rhe7+ Kf8 51. Rf7+
1/2-1/2

[Event "DEM U12/U12w 2015"]
[Site "Willingen GER"]
[Date "2015.05.29"]
[Round "9"]
[White "Yi, Danny"]
[Black "Lieberwirth, Kasimir"]
[Result "1-0"]
[Termination "normal"]
[Board "11"]
[WhiteElo "1778"]
[BlackElo "1638"]
[PlyCount "90"]
[WhiteFideId "12988588"]
[BlackFideId "12988146"]
[EventCountry "GER"]
[EventRounds "11"]
[EventType "swiss"]
[EventDate "2015.05.23"]

1. e4 c5 2. Nf3 Nc6 3. Bb5 Nf6 4. Nc3 Qc7 5. Bxc6 dxc6 6. O-O Bg4 7. h3 h5 8.
Re1 O-O-O 9. e5 Bxf3 10. Qxf3 Nd5 11. Qxf7 g5 12. d3 g4 13. hxg4 hxg4 14. Qe6+
Kb8 15. Qxg4 Nb4 16. Bf4 Bh6 17. Bxh6 Rxh6 18. Rac1 Rdh8 19. f3 Qd8 20. Kf2 Rh4
21. Qg5 c4 22. dxc4 Qd4+ 23. Qe3 Qxc4 24. a3 Nd5 25. Nxd5 cxd5 26. e6 Rh2 27.
Qe5+ Ka8 28. Red1 Qh4+ 29. Qg3 Qf6 30. Rxd5 Qxb2 31. Qf4 a6 32. Rcd1 Qxc2+ 33.
R1d2 Qc8 34. Qxh2 Rxh2 35. Rd8 Kb8 36. Rxc8+ Kxc8 37. Rd7 Rh6 38. Rxe7 b5 39.
f4 Kd8 40. Rd7+ Ke8 41. f5 Rh4 42. Kg3 Ra4 43. f6 Rxa3+ 44. Kg4 Ra4+ 45. Kg5
Re4 1-0